1541 1383 1354 1449 1122 1338 1365 1512 1441 1377 1354 1868 1795 1608 1442 1628 1299 1936 1842 1646 1030 1535 1542 1361 1624 1056 1526 1164 1807 1384 1276 1231 1023 1229 1552 1830 1858 1977 1412 1382 1076 1014 1361 1924 1950 1417 1319 1802 1816 1207 1905 1950 1401 1161 1264 1849 1982 1943 1040 1511 1173 1216 1577 1836 1047 1761 1080 1715 1636 1294 1419 1240 1005 1744 1049 1036 1182 1716 1269 1152 1596 1269 1623 1157 1860 1158 1595 1680 1581 1646 1677 1853 1935 1619 1120 1521 1684 1392 1774 BCNSPRNW ULIB Ver.6.0+V

เปลี่ยนเป็นภาษาไทย

Change to English
 แสดงรายละเอียดบรรณานุกรม
  กลับหน้าหลัก

Brief Record : Get Marc (ISO 2709) : E-mail record : QR code < ปิดหน้าต่าง
LEADER : 00000nam 2200000uu 4500
001    13399127109
003     ULIB
008    191010s2560||||th 000 0 tha d
020    ^a9786160438204
060    ^aWS103^bห134ส
100    ^aหทัยชนก เชียงทอง
245    ^aสุขใจในวันน้ำท่วม (FLOODED WITH HAPPINESS) นิทานสร้างคุณธรรม (สองภาษา ไทย-อังกฤษ)
250    ^aพิมพ์ครั้งที่ 1
260    ^aกรุงเทพฯ :^bนานมีบุ๊คส์คิดดี้,^c2560
300    ^a32 หน้า;^b21 ซม.
650    ^aเด็ก^xการเรียนการสอน
945    ^p115^l0^i006297
999    ^aประนอม เกษจรัล
รายการนี้ยังไม่มีแท็ก
คุณยังไม่ได้ล็อกอิน คุณสามารถมีกิจกรรมร่วมกับเว็บไซต์ได้ แต่ต้องล็อกอินก่อน ::
  ล็อกอิน

รายการสื่อสารสนเทศ

ลำดับที่ ประเภท เลขเรียก/บาร์โค้ด สถานที่ สถานะ
1. วิทยาศาสตร์การแพทย์ และสุขภาพ
วิทยาศาสตร์การแพทย์ และสุขภาพ
WS103 ห134ส ฉ.1 
  Barcode: 006297
ห้องสมุดวิทยาเขตสวรรค์ประชารักษ์
►หนังสือทั่วไป
บนชั้น

BibComment


ยังไม่เคยถูกคอมเมนท์

คอมเมนท์ทรัพยากรรายการนี้
  คอมเมนท์: สุขใจในวันน้ำท่ว..


 Copyright 2026. Bcnsprnw @Library